| 000 | 00447nam a2200181Ia 4500 | ||
|---|---|---|---|
| 008 | 151202s9999||||xx |||||||||||||| ||und|| | ||
| 082 | _bPNVM-83129 | ||
| 100 | _aDIXON W. FRANKLIN. | ||
| 245 | 4 | _aThe Prime The Crime. | |
| 260 | _bPOCKET BOOKS. | ||
| 260 | _c1995 | ||
| 300 | _a150 | ||
| 600 | _aDIXON W. FRANKLIN. | ||
| 630 | _aThe Prime The Crime. | ||
| 700 | _aDIXON W. FRANKLIN. | ||
| 730 | _aThe Prime The Crime. | ||
| 942 | _cBOOK | ||
| 999 |
_c1347865 _d1347862 |
||